Diseño sísmico de marcos de concreto reforzado: aplicación del método inelástico por etapas
Guardado en:
| Hovedforfatter: | |
|---|---|
| Format: | Bog |
| Udgivet: |
[San José , Costa Rica]
1985
|
| Fag: | |
| Tags: |
Tilføj Tag
Ingen Tags, Vær først til at tagge denne postø!
|
MARC
| LEADER | 00000nam a2200000Ia 4500 | ||
|---|---|---|---|
| 003 | 002597 | ||
| 005 | 20221231144408.0 | ||
| 008 | 140114s1985 cr a m 000 ||s d | ||
| 040 | |c cru CEDI | ||
| 090 | |a TFG 1589 | ||
| 100 | |a Fachler Steinberg, Melvin |9 14802 | ||
| 245 | |a Diseño sísmico de marcos de concreto reforzado: aplicación del método inelástico por etapas | ||
| 260 | |c 1985 |a [San José , Costa Rica] | ||
| 300 | |a 54 hojas : ilustraciones ; 28 cm | ||
| 500 | |a Proyecto de graduación (ingeniero civil)-- Universidad de Costa Rica. Facultad de Ingeniería. Escuela de Ingeniería Civil | ||
| 650 | |x CONSTRUCCIONES ANTISISMICAS |x MARCOS DE HORMIGON ARMADO |9 14803 | ||
| 942 | |c TFG | ||
| 999 | |c 21247 |d 21247 | ||
